000 00393nam a2200169Ia 4500
001 23312
005 20260414150929.0
008 260414t2016||||xx |||||||||||||| ||spa||
041 _aESP
082 _a629.13252
_bV49 2016
100 _aVergara Merino, Raquel
_eAUT
245 0 _aPiloto de dron (RPAS)
_b
260 _c2016
650 _aCNM
654 _aCCN
942 _cLIB
_dJUS
_fJUS
_2ddc
_n
999 _c23312
_d23312